02080cam a22003251 4500001001300000003000400013005001700017008004100034010001700075035001900092040002500111042001200136050002700148051001500175100002300190245025000213260009300463300003000556490009300586500001600679500017700695500016200872501022701034501026401261650003201525650003901557700001901596700002001615710011901635hew63000030 DLC20260227111512.0800131s1963 dcua 000 0 eng  ahew63000030  a(OCoLC)5932286 aDLCcArUdOCoLCdDLC apremarc00aL111b.A6 1962, no. 19 aLA206b.A71 aAnderson, Charnel.10aTechnology in American education 1650-1900,cby Charnel Anderson for the Technological Development Project of the National Education Association of the United States. Principal investigator: James D. Finn; associate investigator: Lee E. Campion. a[Washington]bU.S. Dept. of Health, Education, and Welfare, Office of Education,c[1963] avi, 53 p.billus.c24 cm.0 aUnited States. Office of Education. Bulletin 1962,vno. 19. New media for instruction, 1 a"OE-34018." aFirst published by National Education Association as Occasional paper no. 1, History of instructional technology, I: technology in American education: 1650-1900, July 1961. a"Prepared under a contract with the United States Office of Education, as authorized under Title VII, part B, of the National defense education act of 1958." aCopy 1 of L111.A6 with: Financial assistance for college students / Richard C. Mattingly. Washington : U.S. Dept. of Health, Education, and Welfare, Office of Education, 1962. Bound together subsequent to publication.5DLC aCopies 2 and 3 of L111.A6 with: Language laboratory facilities / Alfres S. Hayes -- Survey of educational media research in the Far East / Kokusai Kirisutokyo Daigaku (Japan). Washington : Govt Print. Off., 1963. Bound together subsequent to publication.5DLC 0aTeachingxAids and devices. 0aEducationzUnited StatesxHistory.1 aFinn, James D.1 aCampion, Lee E.2 aNational Education Association of the United States.bTechnological Development Project.bOccasional paper, no. 1.